| 000 | 00531nam a2200157 a 4500 | ||
|---|---|---|---|
| 001 | 5156 | ||
| 003 | CDMR | ||
| 005 | 20130320111203.0 | ||
| 008 | 130130s1990||||||||||||||||||||||||||||d | ||
| 020 | _a8439313926 | ||
| 040 |
_aCDMR _bcat _cCPC GIRONA |
||
| 110 |
_91064 _aCatalunya _b -- Generalitat |
||
| 245 | 1 | 0 |
_aLlei sobre policia de l'espectacle, les activitats recreatives i els establiments públics _b: D.O.G.C. 1308, 22.6.1990 |
| 260 |
_c1990 _bGeneralitat de Catalunya. Departament de Governació _a[Barcelona] |
||
| 942 |
_cMON _2ddc |
||
| 999 |
_c5156 _d5156 |
||